000 00378nam a2200145 i 4500
001 bg
100 1 _aMANITIUS, Zdzisław
245 0 _aTransfomatory :
_bskrypt dla studentów : studium dla pracujących /
_cZdzisław Manitius.
250 _awyd.2.
260 _aGdańsk,
_c1974.
040 _cBPK
041 _apol
942 _cKS
008 s pl f |000 0 pol
999 _c15802
_d15802
856 _uhttp://koha.tu.koszalin.pl/cgi-bin/koha/opac-detail.pl?biblionumber=15802
_yKatalog online BPK